000 00602nam a2200217Ii 4500
003 JO-AjNU
008 230606s9999||||xx |||||||||||||| ||und||
020 _a978-007-108609-7
040 _aJO-AjNU
_beng
_erda
_cJO-AjNU
041 _aeng
050 1 4 _aTA177.4.B58.2012
100 3 _aBlank,Leland/Anthony Tarquin,
_eauthor
_94629
245 0 0 _aEngineering Economy
250 _a7 ed
264 3 1 _aLondon:Mcgraw hill,2010
300 _a620op
336 _atext
_btxt
_2rdacontent
337 _aunmediated
_bn
_2rdamedia
338 _avolume
_bnc
_2rdacarrier
650 4 _aEngineering Economy
_94630
999 _aE2400
_c2398
_d2398